Supreme Court Educational Institutions Cases : (Record no. 619872)

MARC details
000 -LEADER
fixed length control field 00442nam a2200169 a 4500
008 - FIXED-LENGTH DATA ELEMENTS--GENERAL INFORMATION
fixed length control field 260424s2008##################000#0#eng##
020 ## - INTERNATIONAL STANDARD BOOK NUMBER
ISBN 9788170121640
082 04 - DEWEY DECIMAL CLASSIFICATION NUMBER
Classification number 344.5407SUM
100 1# - MAIN ENTRY--AUTHOR NAME
Personal name Malik, Sumeet,
245 10 - TITLE STATEMENT
Title Supreme Court Educational Institutions Cases :
260 ## - PUBLICATION, DISTRIBUTION, ETC. (IMPRINT)
Year of publication 2008.
942 ## - ADDED ENTRY ELEMENTS (KOHA)
Koha item type English Books
Holdings
Withdrawn status Lost status Damaged status Not for loan Home library Current library Date acquired Full call number Accession Number Price effective from Koha item type
        Anna Centenary Library Anna Centenary Library 24.04.2026 344.5407SUM 114441 24.04.2026 English Books

Find us on the map